| LEADER | 01136nam a2200289 a 4500 | ||
|---|---|---|---|
| 001 | 00176269 | ||
| 003 | GR-PaULI | ||
| 008 | 030602s1999 gr 000 0 gre d | ||
| 020 | |a 960724737X | ||
| 040 | |a GrPaTEI |b gre |c GR-PaULI | ||
| 040 | |a GrPaTEI |b gre |c GR-PaULI | ||
| 082 | 0 | |a 368.009495 | |
| 245 | 0 | 0 | |a Γενικές αρχές της ιδιωτικής ασφαλίσεως / |c Μιχάλη Επαμ.Πριναράκη. |
| 250 | |a 3η εκ. | ||
| 260 | |a Aθήνα (Financial forum), |c 1999 | ||
| 300 | |a 554 σ. ; |c 25 εκ. | ||
| 500 | |a Eυρετήριο | ||
| 500 | |a Βιβλιογρφία σσ:537-539 | ||
| 650 | 0 | |a Insurance |x Greece | |
| 650 | 4 | |a Ασφάλιση |z Ελλάς | |
| 651 | 4 | |a Ελλάς |x Ασφάλιση | |
| 700 | 1 | |a Πριναράκης, Mιχάλης Επαμ. | |
| 710 | 2 | |a Financial Forum | |
| 942 | |2 ddc | ||
| 952 | |0 0 |1 0 |2 ddc |4 0 |6 368_010000000000000_ΠΡΙ |7 1 |9 251126 |a LISK |b LISK |c BSC |d 2021-01-17 |e 24 |f 0 |g 0.00 |l 0 |o 368.01 ΠΡΙ |p 99241000061439 |r 2021-01-17 00:00:00 |t 1 |w 2021-01-17 |y BKN |x Purchase/Donation Number |x General Note |x GrPaTEI | ||
| 971 | |a .b19282576 |b 08-10-20 |c 04-09-15 | ||
| 999 | |c 149005 |d 149005 | ||